[Event "Olympiad Women 2024"]
[Site "Budapest HUN"]
[Date "2024.09.15"]
[Round "5.70"]
[Board "1"]
[White "Boitumelo Sethabathaba"]
[Black "Magne Kouokam Sylviane"]
[Result "1-0"]
[WhiteElo "1571"]
[BlackElo "1587"]
[PlyCount "169"]
[EventDate "2024.09.11"]
[WhiteTeam "Lesotho"]
[BlackTeam "Cameroon"]
[WhiteTeamCountry "LES"]
[BlackTeamCountry "CAM"]

1. d4 {Edouard,Romain} d5 2. c4 e6 3. Nc3 Nf6 4. cxd5 exd5 5. Bg5 c6 6. e3 Bf5 7. Qb3 ({RR} 7. Qf3 Bg6 8. Bxf6 Qxf6 9. Qxf6 gxf6) 7... b6 ({RR} 7... Qb6 8. Bxf6 gxf6 9. Kd2 Nd7 ({RR} 9... Bb4 10. Bd3 Bg6 11. Nge2) ({RR} 9... Qc7 10. Rc1 Qd7 11. Nf3) 10. Bd3 Bg6 ({RR} 10... Qxb3 11. axb3 Be6 12. Nge2) 11. Nf3 Qxb3 12. axb3 Nb6 13. Nh4 Kd7 14. f4 ({RR} 14. g4 Nc8) 14... Bxd3 ({RR} 14... Rg8 15. f5 Bh5 16. h3 Rg3) 15. Kxd3 Bb4 16. Rhe1 Nc8 17. e4 dxe4+ 18. Rxe4 Nd6 19. Re2 a5 20. Ne4 Nxe4 21. Rxe4 Rae8 ({RR} 21... Ra6) 22. Rxe8 {½-½ Vachier Lagrave,M (2778)-Anand,V (2753) Nations Cup Online Prelim rapid 2020 (8.1)}) 8. Nf3 ({RR} 8. Rc1 Be7 9. Nf3 O-O 10. Ne5 h6 11. Bf4 Bd6 12. Be2 Qe7 13. O-O) 8... Be7 ({RR} 8... Bd6 9. Be2 O-O 10. O-O h6 11. Bh4 Nbd7 12. Ba6 Rb8 13. a4 Qe8 14. Bg3 Qe6 15. Rac1 Bxg3 16. hxg3 g5 17. Rfd1 Qd6 18. Na2 c5 19. Qa3 Qe6 20. Nc3 Rfd8 21. Qa2 Be4 22. Bb5 Rbc8 23. Nxe4 {1-0 Trybus,D (2058)-Myrmus,M (2043) Ustron Open A 2024 (4.4)}) 9. Bf4 $146 ({RR} 9. Be2 O-O 10. Rc1 h6 11. Bf4 Bc8 12. O-O Nbd7 13. Ne5 Bb7 14. Rfd1 Re8 15. e4 Rf8 16. exd5 cxd5 17. Bf3 Ne4 18. Nxd5 Nxe5 19. Bxe4 Ng4 20. Bc7 Qd7 21. Nxe7+ Qxe7 22. Bxb7 Rae8 23. Bf3 Nf6 {1-0 Eperjesi,L (2240)-Boehme Ziska,C (1735) Siebenlehn op 11th 2010 (1)}) ({RR} 9. Ne5 O-O 10. Be2 Ne4 11. Bxe7 Qxe7 12. O-O Nd2 13. Qa4 Nxf1 14. Rxf1 b5 15. Qb3 Be6 16. Bf3 f6 17. Nd3 Nd7 18. Nf4 Bf7 19. Qc2 Qd6 20. Rd1 Rac8 21. Bg4 Rc7 22. Rc1 Re8 23. Nxb5 cxb5 {1-0 Galati,M-Alves,M BRA-chT Inter-Clubes 8th 1989 (4)}) ({RR} 9. Rc1 Nfd7 10. Bf4 f6 11. Nxd5 cxd5 12. Qxd5 Bb4+ 13. Nd2 Bxd2+ 14. Kxd2 Nc5 15. Qxa8 O-O 16. Bc4+ Kh8 17. Qd5 Ne4+ 18. Ke2 Bg6 19. Qxd8 Rxd8 20. Bd3 Nd7 21. Rc7 Nf8 22. Rhc1 {1-0 Evans,H-Strachan,G Southend op London 2004 (4)}) 9... O-O 10. Be2 c5 11. dxc5 bxc5 12. Qb7 Nbd7 13. Nxd5 Nxd5 14. Qxd5 Be6 15. Qd2 Qb6 16. O-O Bf6 17. Ng5 Rad8 18. Qc2 g6 19. Nxe6 fxe6 20. Rab1 e5 21. Bc4+ Kg7 22. Bg3 h5 23. f3 Nb8 24. b3 Rd6 25. Rbd1 Rfd8 26. Rd3 Nc6 27. Rxd6 Rxd6 28. Rd1 Nb4 29. Rxd6 Qxd6 30. Qe2 h4 31. Be1 g5 32. a3 Nc6 33. Qc2 Qd7 34. Bb5 Qd5 35. Bxc6 Qxc6 36. Qc4 Qd6 37. Qc2 Qb6 38. Kf2 Qe6 39. Qd3 g4 40. Qe4 gxf3 41. Kxf3 Qxb3 42. Qg4+ Kf7 43. Qh5+ Kg7 44. Qg4+ Kf7 45. Qd7+ Kg6 46. Qd6 Kf5 47. Qxc5 Bg5 48. Qc8+ Kg6 49. Qe8+ Kh7 50. Qh5+ Bh6 51. Qf5+ Kg8 52. Qg6+ Bg7 53. Bxh4 Qd1+ 54. Kg3 Qe1+ 55. Kh3 Qxe3+ 56. Qg3 Qh6 57. Qb3+ Kh7 58. Qf7 Qe3+ 59. Qf3 Qh6 60. Qf5+ Kh8 61. Qg5 Qe6+ 62. Qg4 Qb3+ 63. Qf3 Qe6+ 64. g4 e4 65. Qe3 a6 66. Be1 Bh6 67. Qd4+ Kh7 68. Bc3 e3 69. Qh8+ Kg6 70. Qe5 Qxe5 71. Bxe5 e2 72. Bc3 Be3 73. Kg3 Kg5 74. h4+ Kh6 75. Kf3 Bc5 76. a4 Be7 77. Be1 Bf6 78. Kxe2 Kg6 79. Kf3 Bb2 80. Ke4 Bf6 81. Kd5 Bd8 82. Kc6 a5 83. Kb5 Kh6 84. g5+ Kh5 85. Bxa5 1-0

[Event "Olympiad Women 2024"]
[Site "Budapest HUN"]
[Date "2024.09.15"]
[Round "5.71"]
[Board "1"]
[White "Gertrude Banini"]
[Black "Nihaya, Ahmed"]
[Result "1/2-1/2"]
[WhiteElo "1712"]
[BlackElo "1589"]
[PlyCount "75"]
[EventDate "2024.09.11"]
[WhiteTeam "Ghana"]
[BlackTeam "Maldives"]
[WhiteTeamCountry "GHA"]
[BlackTeamCountry "MDV"]

1. d4 d5 2. Bf4 Nf6 3. e3 c5 4. dxc5 Nc6 5. Bb5 Bf5 ({RR} 5... g6 6. Nf3 Bg7 7. Nc3 O-O 8. O-O Bg4 9. Bxc6 bxc6 10. Be5 Bxf3 11. Qxf3 Qa5 12. e4 Qxc5 13. exd5 Nxd5 14. Bxg7 Kxg7 15. Nxd5 cxd5 16. c3 Rab8 17. Qe2 e6 18. Rad1 Qb5 19. Qe5+ Kg8 20. Rd2 {½-½ Naroditsky,D (2646)-Andreikin,D (2736) Titled Tuesday intern op 1st Nov 10am blitz 2016 (6)}) ({RR} 5... e6 6. b4 Bd7 7. c3 a5 8. Qb3 axb4 9. cxb4 b6 10. Bxc6 Bxc6 11. b5 Bb7 12. c6 Bc8 13. Nf3 Bc5 14. O-O O-O 15. Nbd2 Ne4 16. Nxe4 dxe4 17. Ne5 Ra3 18. Qc2 f6 19. Rfd1 Qe8 20. Nd7 {1-0 Moroni,L (2558)-Deng,H (2338) Titled Tue 6th Aug Late 2024 (5)}) 6. c3 $146 ({RR} 6. Nf3 e6 7. Nd4 Rc8 8. b4 Bg6 9. Nxc6 bxc6 10. Ba6 Rb8 11. Bxb8 Qxb8 12. c3 Be7 13. O-O O-O 14. Nd2 Qe5 15. Rc1 Bd8 16. Nf3 Qh5 17. Nd4 Qh6 18. Nxc6 Bc7 19. f4 Bh5 20. Be2 Bxe2 {1-0 Tristan,L (2535)-Suvorov,L (2292) Titled Tuesday intern op 31st Aug blitz 2021 (6)}) ({RR} 6. b4 e6 7. Nf3 Nd7 8. Bxc6 bxc6 9. c3 Qf6 10. O-O a5 11. Qa4 Ra6 12. Rc1 Bd3 13. Qd1 Bb5 14. Na3 a4 15. Nxb5 cxb5 16. Qe2 e5 17. Nxe5 Nxe5 18. Bxe5 Qc6 19. Re1 f6 20. Bd4 Be7 {1-0 Saurabh,K (2272)-Arora,H (1646) Udaipur Lakecity op 3rd 2019 (3)}) 6... a6 7. Bxc6+ bxc6 8. b4 e6 9. Nf3 Bg4 10. Qa4 Bxf3 11. Qxc6+ Nd7 12. gxf3 Be7 13. Qc7 O-O 14. Qxd8 Rfxd8 15. Nd2 e5 16. Bg3 Bf6 17. Rc1 g6 18. O-O h5 19. h3 Bg7 20. Rfd1 Nf8 21. Nb3 Ne6 22. Rd2 d4 23. cxd4 exd4 24. exd4 Bh6 25. f4 Nxf4 26. Bxf4 Bxf4 27. Rcd1 Bxd2 28. Rxd2 Rd5 29. f3 Kf8 30. Re2 Re8 31. Rc2 Ke7 32. Kf2 Kd7 33. a4 Rb8 34. Rc4 Kc7 35. Nd2 Rbd8 36. Nb3 Rb8 37. Nd2 Rbd8 38. Nb3 1/2-1/2

[Event "Olympiad Women 2024"]
[Site "Budapest HUN"]
[Date "2024.09.15"]
[Round "5.71"]
[Board "3"]
[White "Dotse Dzidzor Esi"]
[Black "Aishath Iva Hassan"]
[Result "0-1"]
[WhiteElo "1530"]
[BlackElo "1422"]
[PlyCount "60"]
[EventDate "2024.09.11"]
[WhiteTeam "Ghana"]
[BlackTeam "Maldives"]
[WhiteTeamCountry "GHA"]
[BlackTeamCountry "MDV"]

1. d4 d5 2. c4 e6 3. Nc3 Nf6 4. Nf3 Bb4 5. Bg5 O-O 6. e3 Bxc3+ ({RR} 6... Be7 7. Rc1 h6 8. Bh4 b6 9. cxd5 exd5 10. Bd3 Bb7 11. O-O c5 12. Ne5 Nc6 13. f4 cxd4 14. Nxc6 Bxc6 15. Ne2 Bd7 16. Nxd4 Ng4 17. Bxe7 Qxe7 18. Qf3 Qxe3+ 19. Qxe3 Nxe3 20. Rfe1 Nc4 21. Bxc4 {½-½ Xiong,J (2686)-Yoo,C (2495) Titled Tuesday intern op 07th Dec blitz 2021 (10)}) ({RR} 6... dxc4 7. Bxc4 Nbd7 8. O-O h6 9. Bxf6 Nxf6 10. a3 Bxc3 11. bxc3 a6 12. a4 b6 13. Ne5 Bb7 14. Be2 c5 15. Bf3 Bxf3 16. Qxf3 Qd5 17. Qxd5 exd5 18. Rab1 Rab8 19. Nc6 Rb7 20. dxc5 Rc7 21. Rxb6 {0-1 Khegay,Y (1798)-Mizzi,J (2043) Titled Tue 9th Jan Early 2024 (11)}) 7. bxc3 h6 8. Bh4 c5 $146 ({RR} 8... c6 9. Bd3 Nbd7 10. O-O Qa5 11. Qc2 Ne4 12. Bxe4 dxe4 13. Nd2 f5 14. f3 exf3 15. Rxf3 Nb6 16. Raf1 Qa6 17. c5 Nd5 18. e4 Nc7 19. exf5 exf5 20. Ne4 Nd5 21. Nd6 Bd7 22. c4 Nb4 23. Qb3 {1-0 Rodriguez,A (1620)-Vekemans,S (1750) FRA-ch U12 Aix les Bains 2009 (2)}) ({RR} 8... Nbd7 9. Qc2 c5 10. cxd5 exd5 11. Be2 b6 12. O-O Bb7 13. Ne5 Qc7 14. Bg3 Qc8 15. Rfc1 Re8 16. Bb5 a6 17. Bd3 Ne4 18. Nxd7 Qxd7 19. Bf4 c4 20. Be2 b5 21. a4 Rab8 22. Bxb8 Rxb8 23. axb5 {1-0 Matyjasek,M (1351)-Golinska,P (1088) POL-chT U20 2nd League 2017 (8.94)}) ({RR} 8... Nc6 9. Ne5 dxc4 10. Bxc4 Nxe5 11. dxe5 Qxd1+ 12. Rxd1 Bd7 13. exf6 Rad8 14. fxg7 Kxg7 15. Bg3 Ba4 16. Rxd8 Rxd8 {1-0 Kudaibergenov,B-Akimkanov,Y Karakol Derbishev Memorial U17 2017 (3.8)}) 9. cxd5 exd5 10. Be2 Nbd7 11. O-O c4 12. Ne5 Qa5 13. Nxd7 Nxd7 14. Be7 Re8 15. Bb4 Qc7 16. Qa4 Nf6 17. Bf3 Bd7 18. Qc2 a5 19. Ba3 b5 20. Bc5 Ne4 21. Bxe4 Rxe4 22. Rfe1 Rb8 23. a3 Rbe8 24. h3 R8e6 25. Re2 Rg6 26. Kh1 Rh4 27. f4 Qc8 28. Rf1 Bxh3 29. gxh3 Qxh3+ 30. Rh2 Qxf1# 0-1

[Event "Olympiad Women 2024"]
[Site "Budapest HUN"]
[Date "2024.09.15"]
[Round "5.71"]
[Board "4"]
[White "Fathmath Zoya Hassan Saeed"]
[Black "Hephzibah Awura-Ama Manubea Tandoh"]
[Result "0-1"]
[WhiteElo "1406"]
[BlackElo "1516"]
[PlyCount "118"]
[EventDate "2024.09.11"]
[WhiteTeam "Maldives"]
[BlackTeam "Ghana"]
[WhiteTeamCountry "MDV"]
[BlackTeamCountry "GHA"]

1. e4 e6 2. d4 d5 3. e5 c5 4. c3 Nc6 5. Nf3 Qb6 6. Bd3 Nge7 7. a3 ({RR} 7. dxc5 Qxc5 8. Be3 Qa5 9. Nbd2 Ng6 10. Bxg6 hxg6 11. Nb3 Qc7 12. Bf4 f6 13. Qe2 g5 14. Bg3 g4 15. Nfd4 Nxe5 16. O-O-O Bd7 17. f4 gxf3 18. gxf3 O-O-O 19. f4 Nc4 20. Nxe6 Bxe6 21. Qxe6+ Qd7 {½-½ Firouzja,A (2737)-Nakamura,H (2794) Bullet Chess Winners 2024 (5.26)}) 7... Ng6 $146 ({RR} 7... Bd7 8. Bc2 Ng6 9. b4 c4 10. Ng5 Nd8 11. a4 Be7 12. h4 Nf8 13. Qh5 h6 14. Nh3 Nc6 15. Qg4 g6 16. a5 Qc7 17. Na3 Nxe5 18. Qg3 Bd6 19. dxe5 Bxe5 20. Bf4 Bxf4 21. Qxf4 e5 22. Qf6 {1-0 Aras,B (1850)-Hocher,E (1761) FRA-chT3 Gr06 0607 2006 (4.6)}) ({RR} 7... a5 8. O-O a4 9. Bc2 Qa7 10. Be3 c4 11. Nbd2 h6 12. Nxc4 dxc4 13. d5 Qa5 14. dxc6 Nxc6 15. Qe2 b5 16. Rad1 Be7 17. Be4 Qc7 18. h3 Bb7 19. Bf4 Bc5 20. g4 Rc8 21. Kh2 Na5 22. g5 {1-0 Kobzev,D (2098)-Kosilov,R RUS-Cup sf 09 2005 (1)}) ({RR} 7... Bd7 8. Bc2 Rc8 9. O-O Ng6 10. h4 Be7 11. g3 Qc7 12. h5 Nf8 13. Ba4 a6 14. Bxc6 Bxc6 15. Bg5 Nd7 16. Bxe7 Kxe7 17. Nbd2 cxd4 18. cxd4 Bb5 19. Re1 Qc2 20. Qxc2 Rxc2 21. a4 Bd3 22. Re3 {0-1 Tolonen,J-Tuominen,M Tampere op1 1990}) 8. O-O Bd7 9. dxc5 Bxc5 10. b4 Be7 11. Re1 a6 12. Nbd2 O-O 13. Nb3 Qc7 14. Qe2 Rac8 15. Bd2 Be8 16. Rac1 f6 17. Nbd4 Bf7 18. exf6 Bxf6 19. Nxe6 Bxe6 20. Qxe6+ Qf7 21. Bf5 Rce8 22. Qxf7+ Kxf7 23. Bc2 Kg8 24. Kf1 Nge5 25. Nxe5 Nxe5 26. Bb3 Rd8 27. Rc2 Nc4 28. Bc1 Ne5 29. Rd1 Nc4 30. Rxd5 b5 31. Rcd2 Nxd2+ 32. Rxd2+ Kh8 33. Rxd8 Rxd8 34. Ke2 Bxc3 35. f3 a5 36. bxa5 Bxa5 37. h4 Bc3 38. g4 h6 39. h5 Bf6 40. Bd2 Bg5 41. Bxg5 hxg5 42. a4 b4 43. Ke3 Kh7 44. Ke2 Rc8 45. Kd2 Rc3 46. Bd1 Kh6 47. Bc2 Rxf3 48. Bd1 Rg3 49. Kc2 g6 50. hxg6 Kxg6 51. Kb2 Kf6 52. Kc2 Ke5 53. Kb2 Kd4 54. Kc2 Ra3 55. Kb2 Ke3 56. Kc1 Kd3 57. Kb2 Kd4 58. Kb1 Kc3 59. Bc2 b3 0-1

[Event "Olympiad Women 2024"]
[Site "Budapest HUN"]
[Date "2024.09.15"]
[Round "5.72"]
[Board "2"]
[White "Wahid, Chelsea"]
[Black "Gemota, Joan"]
[Result "1-0"]
[WhiteElo "1482"]
[BlackElo "1567"]
[PlyCount "44"]
[EventDate "2024.09.11"]
[WhiteTeam "Saint Lucia"]
[BlackTeam "Palau"]
[BlackTeamCountry "PAL"]

1. d4 d6 2. c4 g6 3. e4 Bg7 4. Be2 Nf6 5. Nc3 O-O 6. Nf3 b6 7. O-O Bb7 8. Qc2 c5 9. d5 Nbd7 ({RR} 9... Na6 10. Bf4 Nb4 11. Qd2 Re8 12. Rad1 e5 13. dxe6 Rxe6 14. e5 Nh5 15. Be3 Bxe5 16. Nxe5 Rxe5 17. a3 Nc6 18. Qxd6 Qxd6 19. Rxd6 Rae8 20. Bf3 Na5 21. Bxb7 Nxb7 22. Rd7 Na5 23. Nd5 Nxc4 24. g4 {½-½ Ter Sahakyan,S (2640)-Bortnyk,O (2608) Titled Tue 13th Feb Early 2024 (7)}) 10. Bf4 e6 $146 ({RR} 10... h6 11. h3 Ne8 12. Rad1 a6 13. a4 Qc7 14. Qd2 Kh7 15. Bg3 Rd8 16. Ne1 Nb8 17. f4 Bd4+ 18. Kh2 e5 19. Nf3 Nf6 20. fxe5 Bxc3 21. exd6 Qd7 22. Qc2 Ba5 23. Ne5 Qxd6 24. Nxg6 Qxg3+ 25. Kxg3 {1-0 Pelletier,Y (2531)-San Pedro,P Mislata op 10th 2001 (1.1)}) ({RR} 10... Nh5 11. Be3 a6 12. Rad1 b5 13. cxb5 axb5 14. Bxb5 Ba6 15. a4 Nhf6 16. Rfe1 Ng4 17. Bf4 Bxb5 18. Nxb5 Qa5 19. b3 Rfc8 20. Na3 Qc3 21. Qxc3 Bxc3 22. Re2 Rcb8 23. Nb5 Bf6 24. Rc1 Kg7 25. h3 {1-0 Nakamura,H (2736)-Aronian,L (2782) Meltwater Tour Final rapid 2021 (3.4)}) ({RR} 10... Qc7 11. h3 a6 12. Rad1 Ne5 13. Nd2 Ne8 14. Be3 Nd7 15. f4 Bd4 16. Qd3 e5 17. dxe6 Bxe3+ 18. Qxe3 fxe6 19. Nf3 Rd8 20. Ng5 Ng7 21. Qg3 Nf6 22. Qh4 h5 23. Bd3 Qe7 24. Qg3 e5 25. Nf3 {1-0 Prudnikova,S (2412)-Machalova,M (2187) EU-chT (Women) 5th 2003 (1)}) ({RR} 10... Nh5 11. Bg5 Bf6 12. Bh6 Ng7 13. Be3 a6 14. a3 Qc7 15. Rad1 Rfe8 16. h3 e6 17. Nh2 exd5 18. Nxd5 Bxd5 19. cxd5 Bd8 20. a4 Nf6 21. Bf3 Ra7 22. Rfe1 b5 23. Nf1 Rb7 24. axb5 axb5 25. Ra1 {½-½ Gorbanovsky,O (2377)-Sanduleac,V (2393) MDA-ch Kishinev 2015 (9)}) 11. Bxd6 Re8 12. Nb5 exd5 13. Nc7 dxe4 14. Ne1 Re6 15. Nxe6 fxe6 16. f3 e3 17. Rd1 Ne8 18. b3 Bd4 19. Bf4 e5 20. Bg3 Nef6 21. Bh4 Qc7 22. Nd3 Re8 1-0

[Event "Olympiad Women 2024"]
[Site "Budapest HUN"]
[Date "2024.09.15"]
[Round "5.72"]
[Board "4"]
[White "Richards, TrisAnn"]
[Black "Parrado, Angelica"]
[Result "1-0"]
[WhiteElo "1653"]
[BlackElo "1741"]
[PlyCount "125"]
[EventDate "2024.09.11"]
[WhiteTeam "Saint Lucia"]
[BlackTeam "Palau"]
[BlackTeamCountry "PAL"]

1. c4 e5 2. Nc3 Nc6 3. Nf3 Nf6 4. e3 a6 5. Be2 ({RR} 5. Bd3 g6 6. Bc2 Bg7 7. d4 exd4 8. exd4 O-O 9. O-O d5 10. cxd5 Nxd5 11. Bb3 Nb6 12. Bg5 Bf6 13. Bxf6 Qxf6 14. Ne4 Qf4 15. Qe2 Bg4 16. Qe3 Qxe3 17. fxe3 Kg7 18. Nc5 Rab8 19. Ng5 Nd8 {1-0 Sarana,A (2685)-Gharibyan,M (2500) Titled Tue 23rd May Early 2023 (11)}) ({RR} 5. a3 d5 6. d4 exd4 7. Nxd4 Ne5 8. cxd5 Nxd5 9. Qc2 Nxc3 10. Qxc3 Bd6 11. b4 Qe7 12. Bb2 f6 13. Be2 O-O 14. O-O c5 15. bxc5 Bxc5 16. Rfc1 b6 17. a4 Bb7 18. a5 Rfc8 19. axb6 Kh8 {1-0 Giampa,A (2230)-Mena,A (1894) Buenos Aires Masters 2024 (1.17)}) 5... Bb4 $146 ({RR} 5... d5 6. cxd5 Nxd5 7. Qa4 Qd6 8. O-O Bd7 9. Nxd5 Qxd5 10. Bc4 Qd6 11. Qb3 Nd8 12. d4 e4 13. Nd2 Qg6 14. f3 exf3 15. Nxf3 Bd6 16. Bd2 O-O 17. Rf2 Be6 18. Raf1 Bxc4 19. Qxc4 Qe6 20. d5 {1-0 Swiderski,R-Forgacs,L DSB Kongress-14 Meisterturnier-13 1904 (7)}) ({RR} 5... Bc5 6. a3 d6 7. b4 Ba7 8. Bb2 h6 9. Qc2 Be6 10. Rd1 Qe7 11. d4 exd4 12. exd4 Bxc4 13. O-O Bxe2 14. Nxe2 O-O 15. d5 Rae8 16. Rfe1 Ng4 17. Ned4 Nce5 18. Kf1 Qd7 19. h3 Nxf3 20. Nxf3 {0-1 Geruschkat,B (1523)-Ungar,B (1699) Schleswig Holstein-ch Seniors op 2007 (4)}) ({RR} 5... d5 6. cxd5 Nxd5 7. O-O Bc5 8. Nxe5 Nxc3 9. bxc3 Nxe5 10. d4 Bd6 11. dxe5 Bxe5 12. Qa4+ Qd7 13. Qb3 O-O 14. Ba3 Re8 15. Bf3 Qd3 16. Bd5 Be6 17. Bxe6 Rxe6 18. Qxb7 Rd8 19. Rac1 Rb6 20. Qf3 {1-0 Kolar,S (2100)-Repak,J (1688) Karvina op 2016 (8)}) 6. Qb3 O-O 7. O-O Bxc3 8. Qxc3 Qe7 9. d3 d6 10. h3 h6 11. Nd2 Be6 12. b3 Qd7 13. d4 d5 14. dxe5 Nh7 15. Bb2 Ng5 16. cxd5 Qxd5 17. Bf3 Nxf3+ 18. Nxf3 Qe4 19. Kh2 Rac8 20. Rfd1 g5 21. Qd3 Qb4 22. Ng1 Qe7 23. Qe2 Bf5 24. Qh5 Kh7 25. f4 Rg8 26. Rd2 Qe6 27. Nf3 Kg7 28. fxg5 Kf8 29. Qxh6+ Qxh6 30. gxh6 Be6 31. Nd4 Bd5 32. Nxc6 Bxc6 33. Ba3+ Ke8 34. Rf1 Bd7 35. Rf4 c5 36. Rdf2 Be6 37. Rh4 a5 38. h7 Rh8 39. e4 b6 40. Bc1 f6 41. Rxf6 Kd7 42. Rhh6 Rce8 43. Bg5 b5 44. Rf2 c4 45. Bf6 cxb3 46. axb3 Bxb3 47. Bxh8 Rxh8 48. Rb2 Bc4 49. g4 a4 50. g5 Ke7 51. Ra6 Kf7 52. g6+ Kg7 53. Kg3 Re8 54. Kf4 Kh6 55. Rg2 Bb3 56. h8=Q+ Rxh8 57. g7+ Kh7 58. gxh8=Q+ Kxh8 59. Ra7 Be6 60. Kg5 Bb3 61. Kf6 Bc4 62. e6 Bd3 63. Rd2 1-0

[Event "Olympiad Women 2024"]
[Site "Budapest HUN"]
[Date "2024.09.15"]
[Round "5.75"]
[Board "3"]
[White "Yeshey lhaden"]
[Black "Redzuan, Nur Ainul Mardhiah"]
[Result "0-1"]
[WhiteElo "1514"]
[BlackElo "1481"]
[PlyCount "106"]
[EventDate "2024.09.11"]
[WhiteTeam "Bhutan"]
[BlackTeam "Brunei Darussalam"]
[WhiteTeamCountry "BTN"]

1. d4 d5 2. Bf4 Nf6 3. e3 c5 4. Bb5+ Nc6 5. dxc5 e6 6. Bxc6+ bxc6 7. b4 a5 8. c3 g6 9. Nf3 $146 ({RR} 9. Nd2 Bg7 10. Be5 O-O 11. Ngf3 Ba6 12. Nd4 Qc8 13. a3 Nd7 14. Bxg7 Kxg7 15. N2f3 Bc4 16. Nd2 Ba6 17. Ne2 Qc7 18. O-O Ne5 19. h3 Ra7 20. Nb3 Nc4 21. Re1 Rfa8 22. f4 Kg8 23. Ned4 axb4 {1-0 Wiley,T (2190)-Zochowski,J (1929) Liberec op 18th 2018 (2)}) 9... Bg7 10. Ne5 Bb7 11. O-O O-O 12. Nd2 Nd7 13. Ndf3 f6 14. Nxd7 Qxd7 15. Bd6 Rfe8 16. Re1 e5 17. e4 Qe6 18. exd5 Qxd5 19. Qc2 f5 20. Rad1 Qe6 21. Nxe5 Bxe5 22. Rxe5 Qc4 23. Rde1 Rxe5 24. Rxe5 axb4 25. h3 Rxa2 26. Re8+ Kg7 27. Re7+ Kf6 28. Qc1 Ba6 29. Qe3 Re2 30. Qh6 Rxe7 31. Bxe7+ Kxe7 32. Qxh7+ Kf6 33. Qh8+ Kg5 34. Qd8+ Kf4 35. Qd6+ Kg5 36. f4+ Qxf4 37. Qxf4+ Kxf4 38. cxb4 Ke4 39. Kf2 Kd4 40. Kf3 Kc4 41. Kf4 Kxb4 42. Kg5 Kxc5 43. Kxg6 Bf1 44. Kxf5 Bxg2 45. h4 Bf3 46. Kf4 Bd1 47. Ke3 Bh5 48. Kd3 Kb4 49. Kd4 c5+ 50. Kd5 c4 51. Kd4 Kb3 52. Ke3 c3 53. Kd3 Kb2 0-1